Law for Purchasing and Supply (Record no. 3656)

MARC details
005 - DATE AND TIME OF LATEST TRANSACTION
control field 20250610163813.0
020 ## - INTERNATIONAL STANDARD BOOK NUMBER
International Standard Book Number 0-273-64679-6
082 ## - DEWEY DECIMAL CLASSIFICATION NUMBER
Classification number 646.04 GRI
100 ## - MAIN ENTRY--PERSONAL NAME
Author name GRIFFITHS, M.
245 ## - TITLE STATEMENT
Title Law for Purchasing and Supply
250 ## - EDITION STATEMENT
Edition statement 3rd Ed.
260 ## - PUBLICATION, DISTRIBUTION, ETC.
Place of publication, distribution, etc. London,
Name of publisher, distributor, etc. Pearson,
Date of publication, distribution, etc. 2002.
300 ## - PHYSICAL DESCRIPTION
Extent xxix, 327p.;figure, table
Other physical details Index
Dimensions 26cm.
700 ## - ADDED ENTRY--PERSONAL NAME
Other authors/Editors GRIFFITHS, I.
942 ## - ADDED ENTRY ELEMENTS (KOHA)
Source of classification or shelving scheme Dewey Decimal Classification
Koha item type Books
Holdings
Date last seen Total checkouts Full call number Barcode Cost, replacement price Price effective from Koha item type Lost status Source of classification or shelving scheme Damaged status Not for loan Withdrawn status Home library Current library Shelving location Date acquired Cost, normal purchase price
06/10/2025   646.04 GRI DOM0001788 442500.00 06/10/2025 Books   Dewey Decimal Classification       CBE Dodoma CBE Dodoma Special Reserve Collection 04/12/2010 147500.00
06/29/2025   346.04362 GRI DOM0004360 442500.00 06/29/2025 Books   Dewey Decimal Classification       CBE Dodoma CBE Dodoma General Collection 06/29/2010 147500.00
06/29/2025   346.04362 GRI DOM0004361 442500.00 06/29/2025 Books   Dewey Decimal Classification       CBE Dodoma CBE Dodoma General Collection 06/29/2010 147500.00